Recopilación de leyes, DL., DFL., reglamentos y decretos del ejército
Đã lưu trong:
| Tác giả của công ty: | |
|---|---|
| Định dạng: | Sách |
| Ngôn ngữ: | Tiếng Tây Ban Nha |
| Được phát hành: |
Santiago
Ejército de Chile
1922
|
| Những chủ đề: | |
| Các nhãn: |
Thêm thẻ
Không có thẻ, Là người đầu tiên thẻ bản ghi này!
|
MARC
| LEADER | 00000nam a2200000 a 4500 | ||
|---|---|---|---|
| 001 | UCR0612 | ||
| 003 | CL-VaPUC | ||
| 008 | 971205e19220000CL |||||||||||||||||spa|d | ||
| 082 | 0 | 4 | |a 348.026 |b EJE |2 21 |
| 110 | 2 | |a Ejército de Chile |e author |9 396523 | |
| 245 | 1 | 0 | |a Recopilación de leyes, DL., DFL., reglamentos y decretos del ejército |
| 300 | |a 645 p | ||
| 942 | |c BK | ||
| 945 | |d 19971205 00:00:00 |a cmena | ||
| 260 | |a Santiago |b Ejército de Chile |c 1922 | ||
| 650 | 7 | |a LEGISLACION |2 CL-VaPUC |9 396524 | |
| 650 | 7 | |a DECRETOS |2 CL-VaPUC |9 309678 | |
| 650 | 0 | |a Derecho militar |9 255065 | |
| 650 | 0 | |a Fuerzas Armadas |9 255504 | |
| 650 | 0 | |a Política internacional |9 255813 | |
| 650 | 7 | |a RENTAS |2 CL-VaPUC |9 324806 | |
| 650 | 0 | |a Hacienda pública |9 258673 | |
| 650 | 0 | |a Política fiscal |9 317354 | |
| 650 | 0 | |a Obligaciones |9 255578 | |
| 650 | 0 | |a Fronteras |9 338773 | |
| 650 | 7 | |a DELITOS MILITARES |2 CL-VaPUC |9 383137 | |
| 651 | 7 | |a CHILE |2 CL-VaPUC |9 396525 | |
| 583 | |a last modification |c 19971205 00:00:00 |k Rodrigo Vera | ||
| 999 | |c 264111 |d 264109 | ||
| 952 | |0 0 |1 0 |4 0 |6 348_026000000000000_EJE_1922 |7 0 |8 P |9 293766 |a BIBDER |b BIBDER |d 2019-11-19 |i 1914219 |o 348.026 EJE 1922 |p 1914219 |r 2023-01-25 |w 2019-11-19 |y BK |k DER | ||